书目信息 |
| 题名: |
大河上下
|
|
| 作者: | 陈启文 著 | |
| 分册: | ||
| 出版信息: | 合肥 安徽文艺出版社 2016 |
|
| 页数: | 14,450页 | |
| 开本: | 25cm | |
| 丛书名: | ||
| 单 册: | ||
| 中图分类: | I253.9 , K928.42 | |
| 科图分类: | ||
| 主题词: | 报告文学--bao gao wen xue--中国--当代 | |
| 电子资源: | ||
| ISBN: | 978-7-5396-5744-8 | |
| 000 | 00925nam0 22002771 450 | |
| 001 | 0120082114 | |
| 005 | 20170320082114.0 | |
| 010 | @a978-7-5396-5744-8@dCNY46.00 | |
| 100 | @a20161130d2016 em y0chiy50 ea | |
| 101 | 0 | @achi |
| 102 | @aCN@b340000 | |
| 105 | @ay z 000zy | |
| 106 | @ar | |
| 200 | 1 | @a大河上下@9da he shang xia@e黄河的命运@f陈启文著 |
| 210 | @a合肥@c安徽文艺出版社@d2016 | |
| 215 | @a14,450页@d25cm | |
| 300 | @a中国作协、水利部重点扶持项目 | |
| 330 | @a本书通过从古人的固堤建坝,到今人的调水调沙,黄河两岸水文地理、历史文化、风土人情和社会经济发展状况,揭示了黄河的命运与中华民族的命运休戚相关。 | |
| 517 | 1 | @a黄河的命运@9huang he de ming yun |
| 606 | 0 | @a报告文学@9bao gao wen xue@y中国@z当代 |
| 607 | @a黄河@Ahuang he@x概况 | |
| 690 | @aI253.9@v5 | |
| 690 | @aK928.42@v5 | |
| 701 | 0 | @a陈启文@9chen qi wen@4著 |
| 801 | 0 | @aCN@bTANGWEI@c20170308 |
| 905 | @b0956076-9@dI253.9@e926@f4 | |
| 大河上下:黄河的命运/陈启文著.-合肥:安徽文艺出版社,2016 |
| 14,450页;25cm |
| 中国作协、水利部重点扶持项目 |
| ISBN 978-7-5396-5744-8:CNY46.00 |
| 本书通过从古人的固堤建坝,到今人的调水调沙,黄河两岸水文地理、历史文化、风土人情和社会经济发展状况,揭示了黄河的命运与中华民族的命运休戚相关。 |
| ● |
| 相关链接 |
|
|
|
|
正题名:大河上下
索取号:I253.9/926
 
预约/预借
| 序号 | 登录号 | 条形码 | 馆藏地/架位号 | 状态 | 备注 |
| 1 | 0956076 | 209560768 | 第一样本阅览室/ [索取号:I253.9/926] | 在馆 | |
| 2 | 0956077 | 209560777 | 第二借阅区/ [索取号:I253.9/926] | 在馆 | |
| 3 | 0956078 | 209560786 | 第二借阅区/ [索取号:I253.9/926] | 在馆 | |
| 4 | 0956079 | 209560795 | 第二借阅区/ [索取号:I253.9/926] | 在馆 |